00592nam a2200169 u 450000100100000000500170001000800410002702000150006804000250008308200160010810000210012424501090014526000790025430000280033349000420036170000190040300002066120200930011137.0100812s1986 dr a r 001 0 spa d a9586120244 aDO-SdBNPbspacBPJMD axxxxbB423n1 aBejerano, Gloria10aNuetra creatividad :bcartillas de desarrollo cultural /cGloria Bejerano ; ilustraciones Daniel Castro. aBogotá, Colombia :bInstituto Colombiano de Cultura,c1986fTercer Mundo a118 p. :bil. ;c24 cm.1 aCatilla de desarrollo culturalvno. 41 aCastro, Daniel